000 00599nam a2200193 a 4500
005 20210223125733.0
008 051025s2002 mx r 000 0 spa d
020 _a9707012595
035 _aUPN01000140823
049 _aCG
050 4 _aPN4756
_bV5.2 2002
100 1 _aVillanueva, Ernesto
245 1 0 _aDeontología informativa :
_bcódigos deontológicos de la prensa escrita en el mundo /
_cErnesto Villanueva.
250 _a2a ed.
260 _aMéxico :
_bUniversidad Iberoamericana :
_bM. A. Porrúa,
_c2002.
300 _a425 p.
650 4 _aETICA PERIODISTICA
_926491
905 _aLibro
999 _c112971
_d112971